Alle Inselstaaten der Welt - Statistiken

Allgemein
  • Dieses Quiz wurde 320 mal gespielt
  • Das Durchschnittsergebnis liegt bei 41 aus 50
Antwortstatistiken
Hauptstadt Inselstaat % Korrekt
🇮🇪 Dublin Irland
99%
🇮🇩 Jakarta Indonesien
98%
🇮🇸 Reykjavik Island
98%
🇯🇵 Tokio Japan
98%
🇨🇺 Havanna Kuba
98%
🇳🇿 Wellington Neuseeland
98%
🇬🇧 London Großbritannien
97%
🇨🇾 Nikosia Zypern
96%
🇯🇲 Kingston Jamaika
95%
🇲🇹 Valletta Malta
95%
🇵🇭 Manila Philippinen
95%
🇭🇹 Port-au-Prince Haiti
94%
🇲🇬 Antananarivo Madagaskar
94%
🇹🇼 Taipeh Taiwan
94%
🇩🇴 Santo Domingo Dominikanische Republik
92%
🇧🇸 Nassau Bahamas
91%
🇲🇻 Malé Malediven
91%
🇫🇯 Suva Fidschi
90%
🇸🇨 Victoria Seychellen
90%
🇸🇬 Singapur Singapur
89%
Sao Tome Sao Tome & Principe
88%
🇹🇻 Funafuti Tuvalu
86%
🇧🇧Bridgetown Barbados
85%
🇲🇺 Port Louis Mauritius
85%
🇱🇨 Castries St. Lucia
85%
Praia Kap Verde
83%
🇫🇲 Palikir Mikronesien
83%
🇵🇼 Ngerulmud Palau
82%
🇵🇬 Port Moresby Papua-Neuguinea
82%
🇩🇲 Roseau Dominica
81%
🇰🇮 South Tarawa Kiribati
81%
🇰🇲 Moroni Komoren
81%
🇳🇷 Yaren Nauru
81%
🇹🇱 Dili Osttimor
81%
🇻🇺 Port Vila Vanuatu
81%
🇼🇸 Apia Samoa
79%
🇹🇴 Nukuʻalofa Tonga
79%
🇹🇹 Port of Spain Trinidad & Tobago
79%
🇲🇭 Majuro Marshallinseln
78%
🇸🇧 Honiara Salomonen
78%
Colombo Sri Lanka
78%
🇦🇬Saint John's Antigua & Barbuda
76%
🇬🇩 St. George's Grenada
76%
Basseterre St. Kitts & Nevis
74%
Kingstown St. Vincent & die Grenadinen
74%
🇧🇳 Bandar Seri Begawan Brunei
73%
🇧🇭 Manama Bahrain
71%
Lefkosa/ Nikosia Nordzypern (n.a.)
32%
🇨🇰 Avarua Cookinseln* (Neuseeland)
28%
🇳🇺 Alofi Niue* (Neuseeland)
20%
Keine übereinstimmenden Quizze gefunden
Verteilung der Resultate
Anzahl Personen mit jedem Resultat
Perzentil nach korrekt beantworteten Fragen
Ihre Resultats-Entwicklung
Sie haben dieses Quiz noch nicht gespielt